000 00472cam a2200193ua 4500
020 _c80.00
041 _aeng
_h
082 _a581.1042
_bJUN/PL
100 _aJuniper, B E .
245 _aPlant surfaces /
_cB E Juniper.
_hTextual Documents
250 _a1 /
_b.
260 _aNew Delhi :
_bOxford & IBH Publishing company ,
_c1983.
300 _a93 ; .
365 _a80.00
504 _a
700 1 _aJeffree, C E .
942 _cBK
999 _c9292
_d9292